Tales of the metric system / (Record no. 140961)

MARC details
000 -LEADER
fixed length control field 00501nam a22001817a 4500
005 - DATE AND TIME OF LATEST TRANSACTION
control field 20170609152446.0
010 ## - LCCN (DPL NO)
LC control number ENG-118611
020 ## - INTERNATIONAL STANDARD BOOK NUMBER
International Standard Book Number 9789385755668
Terms of availability 499.00
035 ## - SYSTEM CONTROL NUMBER
System control number EN-102143
037 ## - SOURCE OF ACQUISITION
Source of stock number/acquisition DBAD/PUB
082 ## - DEWEY DECIMAL CLASSIFICATION NUMBER
Classification number N
100 ## - MAIN ENTRY--PERSONAL NAME
Personal name Imraan Coovadia
245 ## - TITLE STATEMENT
Title Tales of the metric system /
Statement of responsibility, etc by Imraan Coovadia
260 ## - PUBLICATION, DISTRIBUTION, ETC. (IMPRINT)
Place of publication, distribution, etc New Delhi
Name of publisher, distributor, etc Speaking Tiger
Date of publication, distribution, etc 2014
270 ## - ADDRESS
Address 4381/4,Ansari Road, Daryaganj,
City New Delhi
Postal code 110002
300 ## - PHYSICAL DESCRIPTION
Extent 391p.
Dimensions 21cm(pbk)
942 ## - ADDED ENTRY ELEMENTS (KOHA)
Source of classification or shelving scheme Dewey Decimal Classification
Item type English Books
Call number suffix IMR
Classification part N
Holdings
Withdrawn status Lost status Not for loan Collection code Home library Current library Date acquired Source of acquisition Cost, normal purchase price Full call number Barcode Copy number Cost, replacement price Koha item type
    Not For Loan Fiction D.B.Act.Division Bawana 09/06/2017 DBAD/PUB 499.00 N IMR EN-102143 1 499.00 English Books

© Delhi Public Library
Hit Counter
free hit counter